Ciencia heráldica o del blasón (Record no. 179971)

MARC details
000 -LEADER
campo de control de longitud fija 00847nam a2200217 4500
001 - NÚMERO DE CONTROL
campo de control 179971
003 - IDENTIFICADOR DE NÚMERO DE CONTROL
campo de control ES-MaACL
005 - FECHA Y HORA DE LA ÚLTIMA TRANSACCIÓN
campo de control 20240326131500.0
008 - DATOS DE LONGITUD FIJA--INFORMACIÓN GENERAL
campo de control de longitud fija 120308s1919 sp | |||| ||spa d
080 ## - NÚMERO DE LA CLASIFICACIÓN DECIMAL UNIVERSAL
Número de la Clasificación Decimal Universal 929.6
100 1# - ENTRADA PRINCIPAL--NOMBRE DE PERSONA
Nombre de persona García Carraffa, Alberto.
9 (RLIN) 54342
245 10 - MENCIÓN DEL TÍTULO
Título Ciencia heráldica o del blasón
Resto del título : según el método de los más insignes tratadistas /
Mención de responsabilidad, etc. por Alberto y Arturo García Carraffa.
260 ## - PUBLICACIÓN, DISTRIBUCIÓN, ETC.
Lugar de publicación, distribución, etc. Madrid :
Nombre del editor, distribuidor, etc. [s.n.],
Fecha de publicación, distribución, etc. 1919 (
Fabricante Imp. Antonio Marzo)
300 ## - DESCRIPCIÓN FÍSICA
Extensión 225 p. :
Otras características físicas il. col. y n. ;
Dimensiones 28 cm.
490 1# - MENCIÓN DE SERIE
Mención de serie Enciclopedia heráldica y genealógica hispano-americana ;
Designación de volumen o secuencia t. 1
650 07 - PUNTO DE ACCESO ADICIONAL DE MATERIA--TÉRMINO DE MATERIA
Término de materia o nombre geográfico como elemento de entrada Heráldica
Fuente del encabezamiento o término embne
9 (RLIN) 235652
700 0# - ENTRADA AGREGADA--NOMBRE PERSONAL
Nombre de persona García Carraffa, Arturo.
9 (RLIN) 54343
830 0# - PUNTO DE ACCESO ADICIONAL DE SERIE-TÍTULO UNIFORME
Título uniforme Enciclopedia heráldica y genealógica hispano-americana ;
Designación de volumen o secuencia t. 1
9 (RLIN) 191150
852 ## - LOCALIZACIÓN
Ubicación ES-MaACL
Número de control de estantería J-58 (1)
Holdings
Estatus retirado Estado de pérdida Estado de daño No para préstamo Biblioteca de origen Biblioteca actual Ubicación en estantería Fecha de adquisición Fuente de adquisición Total de préstamos Signatura topográfica completa Código de barras Visto por última vez Precio de reemplazo Tipo de ítem Koha
        Biblioteca del Ateneo de Madrid Biblioteca del Ateneo de Madrid Depósito 2 08/03/2012     J-58(1) 1189077 23/02/2023 23/02/2023 Libro impreso